000 00939cab a2200241 4500
001 WB3027-15
008 090401t1994 xxu||||| |||| 00| 0 eng d
035 _a(Sirsi) u4267
041 _aeng
245 _aSurveyor specialising in development blight
260 _c1994
350 _a0
490 _aBirmingham Post
_v11 July 1994, 8(2)
520 _aChartered surveyor Stephen Hinton specialises in offering advice in cases of development blight. Comments on the recent CA decision allowing homeowner blighted by a proposed road scheme to have his home to be purchased by DTp at its pre-blight price. (See also WB3026-12)
650 _aBLIGHT
650 _aCOMPENSATION CLAIMS
650 _aCompulsory purchase
_96228
650 _aDEVELOPMENT BLIGHT
650 _aROAD SCHEME
690 _aENVIRONMENTAL AND LAND CONSULTANCY-PLANNING AND DEVELOPMENT-COMPULSORY PURCHASE AND COMPENSATION
942 _n0
948 _c04/03/1997
999 _c2556
_d2556